|
|
|
|
| LEADER |
00000nab a2200000 a 4500 |
| 001 |
vtls000372353 |
| 003 |
SK-MaSNL |
| 005 |
20260304225311.0 |
| 008 |
230223c1989 xo 0 slo |
| 015 |
|
|
|a SNBRB19rr/mm-uuuuu
|
| 035 |
|
|
|a CL0372475
|
| 035 |
|
|
|a urn:nbn:sk:snk-abbk6p
|
| 035 |
|
|
|a (urnnbn)urn:nbn:sk:snk:ar-006ddj
|
| 035 |
|
|
|a (uuid)cb30dd63-762d-4ea0-8f2c-e306ab95551e
|
| 040 |
|
|
|a SNKBUCL
|b slo
|c SNKBUCL
|e AACR2
|
| 041 |
0 |
|
|a slo
|
| 044 |
|
|
|a xo
|c SK
|
| 080 |
|
|
|a 504.055:537.868
|2 1981
|
| 080 |
|
|
|a 537.868
|2 1981
|
| 080 |
|
|
|a 574.2
|2 1981
|
| 100 |
1 |
|
|a Kotleba, Jaroslav,
|d 1930-
|4 aut
|9 38810
|
| 245 |
1 |
0 |
|a Fyzikálne polia - významný faktor životného prostredia
|c Jaroslav Kotleba
|
| 300 |
|
|
|b Lit. 2 zázn. v slov., ruš.
|
| 650 |
0 |
7 |
|a životné prostredie
|2 snkbucl
|9 786
|
| 650 |
0 |
7 |
|a človek
|2 snkbucl
|9 16150
|
| 650 |
0 |
7 |
|a polia elektromagnetické
|2 snkbucl
|9 866260
|
| 655 |
|
7 |
|a články z novín a časopisov
|2 snkbucl
|9 267496
|
| 773 |
0 |
|
|t Životné prostredie
|g Roč. 23, č. 4 (1989), s. 189-191
|
| 850 |
|
|
|a Slovenská národná knižnica v Martine
|a MTA001
|
| 852 |
|
|
|a SNK
|b KIS3GCP
|
| 954 |
|
|
|a odborná, vedecká literatúra pôvodná (slovenská)
|2 lita
|
| 958 |
|
|
|a RK
|
| 958 |
|
|
|a ME
|
| 958 |
|
|
|a OND
|
| 958 |
|
|
|a EUIPO
|
| 958 |
|
|
|a article15
|
| 992 |
|
|
|a RBX
|
| 999 |
|
|
|c 3176773
|d 3178703
|